Operating Systems Principles (Record no. 2859)

MARC details
000 -LEADER
fixed length control field 00350nam a2200145Ia 4500
008 - FIXED-LENGTH DATA ELEMENTS--GENERAL INFORMATION
fixed length control field 191201s2007 xx 000 0 und d
082 ## - DEWEY DECIMAL CLASSIFICATION NUMBER
Classification number 005.43
Item number GAO
100 ## - MAIN ENTRY--PERSONAL NAME
Personal name SILBERSCHATZ, Abraham
245 #0 - TITLE STATEMENT
Title Operating Systems Principles
250 ## - EDITION STATEMENT
Edition statement 3rd
260 ## - PUBLICATION, DISTRIBUTION, ETC. (IMPRINT)
Place of publication, distribution, etc N.Delhi
Name of publisher, distributor, etc John Wiley
Date of publication, distribution, etc 2007
300 ## - PHYSICAL DESCRIPTION
Extent 896
650 ## - SUBJECT ADDED ENTRY--TOPICAL TERM
Topical term or geographic name as entry element B.Tech(IT)
942 ## - ADDED ENTRY ELEMENTS (KOHA)
Source of classification or shelving scheme Dewey Decimal Classification
Koha item type Text Books
Holdings
Withdrawn status Lost status Source of classification or shelving scheme Damaged status Not for loan Collection code Home library Current library Date acquired Source of acquisition Cost, normal purchase price Bill Number Total Checkouts Full call number Acc. no. / Barcode Date last seen Date last borrowed Bill Date Koha item type Checked out
    Dewey Decimal Classification     B.Tech(IT) PIET C-LIBRARY PIET C-LIBRARY 18/08/2007 J B C, New Delhi 449.00 704 9 005.43 SIO 6388 21/06/2024 18/06/2024 28/07/2007 Text Books  
    Dewey Decimal Classification     B.Tech(IT) PIET C-LIBRARY PIET C-LIBRARY 18/08/2007 J B C, New Delhi 449.00 704 5 005.43 SIO 6389 06/03/2026 06/03/2026 28/07/2007 Text Books 22/09/2026
    Dewey Decimal Classification     Computer Science & Engineering in Cyber Security PIET C-LIBRARY PIET C-LIBRARY 18/08/2007 J B C, New Delhi 449.00 704 9 005.43 SIO 6390 17/01/2024 11/12/2023 28/07/2007 Text Books  
    Dewey Decimal Classification     Computer Science and Engineering in AI & Machine Learning PIET C-LIBRARY PIET C-LIBRARY 18/08/2007 J B C, New Delhi 449.00 704 5 005.43 SIO 6391 15/01/2024 12/12/2023 28/07/2007 Text Books  

Design & Developed by: PIET Central Library
R70 Miles Stone Pattikalyana Samalkha Panipat 132102
mail ID :- [email protected], Phone No:- 0180-2569700 Ex.216